000 00376nam a22001697a 4500
005 20160623152753.0
008 160623b xxu||||| |||| 00| 0 eng d
020 _a0-19-566999-1
041 _aeng
082 _b9608
100 _aSeely, John
_91808
245 _aOne Stepahead Words
260 _bOxford
_c2004
300 _a115
650 _aManagement
_9241
942 _cBK
999 _c3697
_d3696